000 00880nam a2200241 a 4500
001 000024280
005 20200930022855.0
008 110125s1948 ec r 000 f spa d
040 _aDO-SdBNP
_bspa
_cBNPHU
082 _aE863.44
_bR741n
100 1 _aRojas, Ángel F.
_d1910-2003
_949842
245 1 0 _aLa novela ecuatoriana /
_cÁngel Felicísimo Rojas ; introducción de Hernán Rodríguez Castelo.
260 _aQuito, (Ecuador) :
_bPublicaciones Educativas Ariel,
_c[1948].
300 _a238 p. ;
_c19 cm.
490 1 _aClásicos ariel
_v29
650 4 _aNovela ecuatoriana
_95017
650 4 _aLiteratura ecuatoriana
_93938
650 4 _aNovela ecuatoriana
_xCrítica e interpretación
_949843
650 4 _aNovela ecuatoriana
_xHistoria y crítica
_949844
700 1 _aRodríguez Castelo, Hernán
_eintrod.
_94689
830 0 _aClásicos ariel ;
_v29
_93125
049 _aBNGR
999 _c23774
_d23774